000 00531nam a2200193Ia 4500
005 20250326142847.0
008 250326s9999 xx 000 0 und d
037 _aTextbook
040 _aFMSL
_beng
_cFMSL
041 _aeng
_2eng
084 _aX:74.1 P1
_qFMSL
100 _aCzinkota M R
_9741886
245 0 _aGlobal business
_cCzinkota M R And Others
250 _a3
260 _aOrlando
_bOrlando, Harcourt College Buplishers
_c2001
300 _a581p
942 _cTB
_hX:74.1 P1
999 _c1296982
_d1296982